| 000 | 00566nam a2200205Ia 4500 | ||
|---|---|---|---|
| 005 | 20250326145210.0 | ||
| 008 | 250326s9999 xx 000 0 und d | ||
| 037 | _aTextbook | ||
| 040 |
_aFMSL _beng _cFMSL |
||
| 041 |
_aeng _2eng |
||
| 084 |
_aX:8 Q0 _qFMSL |
||
| 100 |
_aJohnson R S _9750822 |
||
| 245 | 0 |
_aBond evaluation, selection and management _cJohnson R S |
|
| 250 | _a2 | ||
| 260 |
_aNew Jersey _bNew Jersey, John Wiley _c2010 |
||
| 365 | _b6206.2664999999997 | ||
| 650 | _aManagement | ||
| 942 |
_cTB _hX:8 Q0 |
||
| 999 |
_c1306721 _d1306721 |
||